<?xml version="1.0" encoding="UTF-8"?>
<collection xmlns="http://www.loc.gov/MARC21/slim">
  <record>
    <leader>00000nam  2200000   4500</leader>
    <controlfield tag="001">INLIS000000000053486</controlfield>
    <controlfield tag="005">20181018021232</controlfield>
    <datafield tag="035" ind1="#" ind2="#">
      <subfield code="a">0010-1018000101</subfield>
    </datafield>
    <datafield tag="245" ind1="1" ind2="#">
      <subfield code="a">OFFICE IDIOTS :</subfield>
      <subfield code="b">Yang Harus Dilakukan Bila Tempat Kerja Anda Merupakan Tempat Yung Buruk /</subfield>
      <subfield code="c">Ken Lloyd, Ph. D</subfield>
    </datafield>
    <datafield tag="100" ind1=" " ind2="#">
      <subfield code="a">Ken Lloyd</subfield>
    </datafield>
    <datafield tag="250" ind1="#" ind2="#">
      <subfield code="a">Ed. 1</subfield>
    </datafield>
    <datafield tag="300" ind1="#" ind2="#">
      <subfield code="a">270 hlm ;</subfield>
      <subfield code="c">14x21 cm</subfield>
    </datafield>
    <datafield tag="260" ind1="#" ind2="#">
      <subfield code="a">Jakarta :</subfield>
      <subfield code="b">PT. Elex Media Komputindo,</subfield>
      <subfield code="c">2014</subfield>
    </datafield>
    <datafield tag="082" ind1="#" ind2="#">
      <subfield code="a">651.3</subfield>
    </datafield>
    <datafield tag="084" ind1="#" ind2="#">
      <subfield code="a">651.3 KEN o</subfield>
    </datafield>
    <datafield tag="020" ind1="#" ind2="#">
      <subfield code="a">978-1-60163-268-5</subfield>
    </datafield>
    <datafield tag="650" ind1="#" ind2="#">
      <subfield code="a">Manajemen Perkantoran</subfield>
    </datafield>
  </record>
</collection>
